00353nam a2200133Ia 4500008004100000041000800041082001500049100002700064245003200091260003900123365000800162650003400170650001500204210423s1971 xx 000 0 und d aeng a153.8 SCHC aSCHMIEDELER (Edgar),Ed aChild and problems of today aBombaybSt Paul Publicationsc1971 cINR aMental Process & Intelligence aPsychology